Partnership between Churches and Theological Institutions (Record no. 20905)

MARC details
000 -LEADER
fixed length control field 00314nam a22001217a 4500
082 ## - DEWEY DECIMAL CLASSIFICATION NUMBER
Classification number 227.8 MAS
100 ## - MAIN ENTRY--AUTHOR NAME
Author name Massey, James (ed)
245 ## - TITLE STATEMENT
Title Partnership between Churches and Theological Institutions
260 ## - PUBLICATION, DISTRIBUTION, ETC. (IMPRINT)
Place of publication Bangalore
Name of publisher BTESSC/SATHRI
Year of publication 2010
300 ## - PHYSICAL DESCRIPTION
Number of Pages 136
650 ## - SUBJECT ADDED ENTRY--TOPICAL TERM
Topical Term Theological education
942 ## - ADDED ENTRY ELEMENTS (KOHA)
Koha item type Books
Holdings
Home library Current library Shelving location Date acquired Full call number Accession Number Koha item type
Henry Martyn Institute Library Henry Martyn Institute Library General stacks 04/13/2018 227.8 MAS 11003229 Books
                   Copyright © 2026 | Henry Martyn Institute | Hyderabad | TS-500052 | INDIA | Implemented by hmi.edu.in
Hit-Count:

Powered by Koha